[Event "IECC CLY2K email"]
[Site "IECC email"]
[Date "1999.12.06"]
[Round "?"]
[White "Malm, Art"]
[Black "Gentry, David W"]
[Result "1/2-1/2"]
[WhiteElo "1805"]
[BlackElo "1527"]
[PlyCount "72"]
[EventDate "1999.??.??"]
[EventType "tourn (corr)"]
[EventRounds "4"]
[SourceTitle "Corr 2015"]
[Source "ChessBase"]
[SourceDate "2015.07.17"]
[SourceVersion "1"]
[SourceVersionDate "2015.07.17"]
[SourceQuality "1"]

1. e4 c6 2. d4 d5 3. Nc3 dxe4 4. Nxe4 Bf5 5. Ng3 Bg6 6. h4 h6 7. Nf3 Nd7 8. h5 Bh7 9. Bd3 Bxd3 10. Qxd3 e6 11. Bd2 Ngf6 12. 0-0-0 Be7 13. Qe2 0-0 14. Ne5 c5 15. dxc5 Bxc5 16. Nxd7 Qxd7 17. Bxh6 Qa4 18. Bg5 Qxa2 19. Bxf6 gxf6 20. c3 f5 21. h6 Rac8 22. Rd3 Kh7 23. Qe5 Rg8 24. Qf6 Rcf8 25. Rd2 Rg6 26. Qe5 Rc8 27. Kc2 Be7 28. Qb5 Rg4 29. Qb3 Rxc3+ 30. Qxc3 Rc4 31. Ne2 Bf6 32. Qxc4 Qxc4+ 33. Nc3 Bxc3 34. bxc3 Qa2+ 35. Kd3 Qd5+ 36. Kc2 Qa2+ 1/2-1/2